| 000 | 00502aam a2200217 4500 | ||
|---|---|---|---|
| 005 | 20241011170700.0 | ||
| 008 | 150420b xxu||||| |||| 00| 0 spa d | ||
| 020 | _a9580459088 | ||
| 041 | _aESP | ||
| 082 | _a823.3 F874t | ||
| 100 | _aFrench, Jackie. | ||
| 245 | _aTe extraño, Sofía | ||
| 260 | _aColombia | ||
| 260 | _bNorma | ||
| 260 | _c2000 | ||
| 300 | _a244 páginas | ||
| 650 | _aNOVELA INFANTIL | ||
| 650 | _aLITERATURA AUSTRALIANA | ||
| 650 | _aDESAPARICIÓN | ||
| 942 |
_cLIT _2ddc |
||
| 999 |
_c4842 _d4842 |
||